| 000 | 01673nam a2200529 i 4500 | ||
|---|---|---|---|
| 001 | 44776 | ||
| 003 | KOSZ 005 | ||
| 005 | 20210609111757.0 | ||
| 008 | 011026s2001 pl a f f |000 0 pol | ||
| 015 | _aUWD 2002/1875 | ||
| 020 | _a8386890983 | ||
| 035 | _a991017557119705066 | ||
| 035 | _a(PL-WaBN)b14748307-48omnis_nlop | ||
| 035 | _ab14748307 | ||
| 035 | _a(OCoLC)750024184 | ||
| 035 | _a(PL)b0000001474830 | ||
| 035 | _a(EXLNZ-48OMNIS_NETWORK)9910051970105606 | ||
| 040 |
_aWA N _cWA N _dKOSZ 005/HR |
||
| 041 | 0 |
_apol _beng |
|
| 046 | _k2001 | ||
| 080 | _a332.7 | ||
| 080 | _a(075.8) | ||
| 100 | 1 |
_aBryx, Marek _d(1953- ) _eAutor |
|
| 245 | 1 | 0 |
_aInwestycje w nieruchomości / _cMarek Bryx, Ryszard Matkowski. |
| 260 |
_aWarszawa : _b"Poltext", _c2001. |
||
| 300 |
_a221, [1] s. : _bil. ; _c24 cm. |
||
| 336 |
_aTekst _btxt _2rdacontent |
||
| 337 |
_aBez urządzenia pośredniczącego _bn _2rdamedia |
||
| 338 |
_aWolumin _bnc _2rdacarrier |
||
| 380 | _aKsiążki | ||
| 380 | _aPublikacje dydaktyczne | ||
| 385 |
_mPoziom nauczania _aSzkoły wyższe |
||
| 388 | _a2001- | ||
| 490 | 1 | _aNieruchomości | |
| 504 | _aBibliogr. | ||
| 546 | _aStreszcz. ang. | ||
| 650 | 7 |
_aNieruchomości _2DBN |
|
| 650 | 7 | _aInwestycje | |
| 655 | 7 |
_aPodręczniki akademickie _2DBN |
|
| 658 | _aGospodarka, ekonomia, finanse | ||
| 700 | 1 |
_aMatkowski, Ryszard _eAutor |
|
| 710 | 2 |
_aWydawnictwo Poltext _4pbl |
|
| 830 | 0 | _aNieruchomości - Poltext | |
| 856 |
_uhttp://koha.tu.koszalin.pl/cgi-bin/koha/opac-detail.pl?biblionumber=44776 _yKatalog online BPK |
||
| 942 |
_2UKD _cKS |
||
| 999 |
_c44776 _d44776 |
||